000
002340000a22001210004500
041
0
_a
ENG
082
0
4
_a
CD 037
100
1
_a
Holiday, Billie
245
1
0
_a
God Bless The Child
505
0
0
_a
Cuento cantado
001
1028
942
_c
LGB
999
_c
48204
_d
48204